Normal view
MARC view
Entry Personal Name
001 - CONTROL NUMBER
- control field: 21799
003 - CONTROL NUMBER IDENTIFIER
- control field: ARRUPE
005 - DATE AND TIME OF LATEST TRANSACTION
- control field: 20160126113719.0
008 - FIXED-LENGTH DATA ELEMENTS
- fixed length control field: 160126|| aca||aabn | a|a d
040 ## - CATALOGING SOURCE
- Original cataloging agency: ARRUPE
- Transcribing agency: ARRUPE
100 ## - HEADING--PERSONAL NAME
- Personal name: Harris, David,
- Titles and other words associated with a name: Sir,
- Dates associated with a name: 1852-
670 ## - SOURCE DATA FOUND
- Source citation: Work cat.: (ARRUPE)0: Harris, David, Sir, 1852-, Pioneer, soldier and politician,, [1931]